[Event "Manhem Chess Week-IM 2019"]
[Site "Moelnlycke"]
[Date "2019.08.12"]
[Round "4.6"]
[White "Ornstein, Axel"]
[Black "Borsuk, Konstantin"]
[Result "1/2-1/2"]
[WhiteElo "2311"]
[BlackElo "2372"]
[Annotator "TA"]
[PlyCount "61"]
[EventDate "2019.08.10"]
[EventType "tourn"]
[EventCountry "SWE"]
[SourceTitle "playchess.com"]
[Source "ChessBase"]
[SourceQuality "1"]

{[%evp 15,61,12,14,3,17,2,9,0,0,0,0,-7,0,-2,0,-7,0,0,10,4,10,9,15,6,6,7,14,7,8,6,9,0,8,14,0,-5,-6,-5,0,0,0,-6,0,0,0,0,0,-58]} 1. Nf3 Nf6 2. g3 b6 3. Bg2 Bb7 4. c4 g6 5. b3 Bg7 6. Bb2 O-O 7. O-O e6 8. d4 d5 {The position is equal.} 9. Nbd2 {D77: Fianchetto Grünfeld: 6 0-0: Replies other than 6...c6} Nbd7 10. Rc1 Re8 11. Qc2 $146 ({Predecessor:} 11. b4 a5 12. b5 a4 13. Ba3 Ne4 14. e3 f5 15. Qc2 dxc4 16. Nxc4 Bd5 {1-0 (59) Meier,G (2650)-Bortnyk,O (2610) Riadh 2017}) 11... Rc8 12. Rfd1 Qe7 13. c5 {[#] Strongly threatening c6.} c6 14. b4 a5 15. a3 axb4 16. axb4 bxc5 17. bxc5 Ba6 18. e3 Bb5 19. Ra1 Ra8 20. h3 Reb8 21. Rxa8 Rxa8 22. Ra1 Qf8 23. Qd1 h6 24. Rxa8 Qxa8 25. Qa1 Qxa1+ 26. Bxa1 Ne4 27. Nxe4 dxe4 28. Ne5 Bxe5 29. dxe5 Bd3 30. Bd4 f6 31. f4 {Accuracy: White = 38%, Black = 42%.} (31. exf6 $11 e5 32. Bc3) 1/2-1/2

[Event "Manhem Chess Week-IM 2019"]
[Site "Moelnlycke"]
[Date "2019.08.12"]
[Round "4.7"]
[White "Kucuksari, Kaan"]
[Black "Fries-Nielsen, Jens Ove"]
[Result "0-1"]
[WhiteElo "2310"]
[BlackElo "2351"]
[Annotator "TA"]
[PlyCount "140"]
[EventDate "2019.08.10"]
[EventType "tourn"]
[EventCountry "SWE"]
[SourceTitle "playchess.com"]
[Source "ChessBase"]
[SourceQuality "1"]

{[%evp 11,140,16,27,18,22,31,30,33,38,35,30,30,35,38,28,10,4,-2,0,-12,0,0,0,0,33,29,30,32,37,28,70,63,67,68,86,89,108,104,114,94,105,103,108,104,160,152,145,170,157,157,217,214,199,198,165,170,160,126,127,129,121,120,133,77,89,75,71,0,0,0,0,0,0,0,0,0,0,-73,0,0,0,0,0,0,0,0,0,0,9,-143,-135,-252,-137,-157,-92,-125,-128,-203,-162,-289,-276,-469,-462,-444,-452,-437,-363,-320,-320,-560,-435,-875,-511,-875,-829,-598,-592,-906,-858,-29975,-29976,-29980,-29981,-29983,-29984,-29984,-29984,-29984,-29985,-29984,-29985]} 1. d4 d5 2. Nf3 e6 3. g3 Nf6 4. Bg2 Be7 5. c4 O-O 6. O-O a5 7. Nc3 {E06: Closed Catalan: Early deviations} dxc4 8. Ne5 (8. Qa4 Bb4 9. Bg5 Nbd7 10. Qc2 h6 11. Bxf6 Nxf6 12. Rfd1 Nd5 13. a4 b6 14. Ne5 Bxc3 15. bxc3 {1-0 (63) Mareco,S (2606)-Slipak,S (2455) Villa Martelli 2016}) 8... Nc6 9. Bxc6 $146 {White has an edge.} ({Predecessor:} 9. Nxc6 bxc6 10. Bxc6 Rb8 11. Qa4 Qxd4 12. Qxa5 Qb6 13. Qxb6 Rxb6 14. Bg2 Rd8 15. Rd1 Rxd1+ 16. Nxd1 Nd5 17. a3 f5 18. e4 fxe4 19. Bxe4 Bf6 20. a4 {½-½ (20) Kleiser,G (2325)-Kiselev,V (2325) ICCF email 2014}) 9... bxc6 10. Nxc6 Qe8 11. Nxe7+ Qxe7 12. Qa4 Qb4 13. Bg5 Nd5 14. Qc2 Qb6 15. Rad1 Bb7 16. a3 f6 17. Bc1 Qb3 (17... Nxc3 {is more complex.} 18. Qxc3 Qc6 19. f3 Rfd8 20. Bd2 Rd7) 18. Qxb3 cxb3 19. Na4 Ba6 20. Rfe1 Nb6 21. Nc5 Bc4 22. Bf4 Rac8 23. Rc1 a4 24. Nxa4 g5 25. Bd6 Rfe8 26. Bc5 Nxa4 27. Rxc4 Ra8 (27... Nxb2 $142 28. Rb4 Rb8) 28. Bb4 Nxb2 29. Rc3 $1 ({Reject} 29. Rxc7 $6 Na4 $11) 29... Na4 30. Rxb3 Red8 (30... e5 $16 {was necessary.}) 31. Rc1 $18 Rd7 32. Rc6 Kf7 33. Re3 Re8 34. Ra6 Nb6 35. Bc5 Nd5 36. Rb3 f5 37. e3 (37. Rb7 $142) 37... Rdd8 $16 38. f3 Rb8 39. Rxb8 (39. Bb4 $1 $16) 39... Rxb8 {[%mdl 4096] Endgame KRB-KRN} 40. e4 Rb1+ 41. Kf2 Rb2+ 42. Ke1 fxe4 $1 43. fxe4 Nc3 44. e5 (44. Rc6 $11) 44... h5 ({Black should try} 44... Rxh2 $17 45. Ra8 Ne4) 45. Bb4 $11 Nd5 46. Bd2 g4 47. Ke2 Nb6 {...Nc4 is the strong threat.} 48. Kd3 Ra2 49. Ra7 Kg6 50. d5 $2 (50. Rxc7 $11 Rxa3+ 51. Rc3 Rxc3+ 52. Kxc3) 50... Nxd5 $17 51. a4 (51. Ra8 $17) 51... Kf5 (51... c5 $1 $19 {[%cal Rc5c4]} 52. Be1 Rxh2) 52. a5 {[#]} Kxe5 (52... c5 $142 $1 {[%cal Rc5c4] Strongly threatening ...c4+!} 53. Be1 Kxe5) 53. Ra8 c5 {White must now prevent ...c4+!} 54. Rc8 (54. Bc3+ $17 {might work better.} Kd6 55. a6) 54... Kd6 $19 55. Rd8+ {[#]} (55. Bh6 $142) 55... Kc7 $1 {[%cal Rc7d8]} 56. Rh8 $2 {[#]} (56. Bg5 {only move.}) 56... c4+ $1 {[%mdl 576] Deflection} 57. Kxc4 Rxd2 58. Rxh5 {KRN-KR} Kc6 59. Rh6 Kd6 60. Rh5 $2 (60. Kb3) 60... Rc2+ 61. Kd3 (61. Kb3 $142 Rc3+ 62. Kb2) 61... Ra2 62. Rh4 (62. Rg5 $142 Rxh2 63. Rxg4) 62... Ra3+ 63. Ke2 Nf6 64. Kf2 Rxa5 65. h3 gxh3 {Black mates.} 66. Rxh3 Rh5 67. Rh4 Rxh4 68. gxh4 Ke5 69. Ke3 Kf5 70. Kd4 e5+ {Accuracy: White = 45%, Black = 63%.} 0-1

[Event "Manhem Chess Week-IM 2019"]
[Site "Moelnlycke"]
[Date "2019.08.12"]
[Round "4.8"]
[White "Hill, Alistair"]
[Black "Rydstrom, Tom"]
[Result "1-0"]
[WhiteElo "2224"]
[BlackElo "2345"]
[Annotator "TA"]
[PlyCount "119"]
[EventDate "2019.08.10"]
[EventType "tourn"]
[EventCountry "SWE"]
[SourceTitle "playchess.com"]
[Source "ChessBase"]
[SourceQuality "1"]

{[%evp 9,119,22,37,18,23,14,14,14,10,12,10,25,29,28,70,48,53,33,49,6,8,14,10,14,13,21,21,0,0,0,0,0,9,0,15,0,0,0,0,0,31,24,35,34,34,49,73,50,136,142,146,81,72,47,64,29,40,16,140,13,66,0,117,0,35,0,0,0,147,0,51,29,64,34,381,355,349,316,325,350,404,406,391,403,402,403,396,396,396,396,396,339,294,117,276,276,286,300,293,293,286,264,243,0,0,0,0,0,29988,29989,29989,29990]} 1. g3 e5 2. c4 Nc6 3. Nc3 Bc5 4. Bg2 a6 5. e3 d6 6. Nge2 {A25: English Opening vs King's Indian with ...Nc6 but without early d3} (6. Nf3 Nf6 7. O-O O-O 8. h3 Ba7 9. d4 h6 10. dxe5 dxe5 11. Qxd8 Rxd8 12. b3 Be6 13. Ba3 Rd7 14. Rfd1 Rad8 15. Rxd7 Rxd7 {½-½ (41) Howell,D (2676)-Ponomariov,R (2694) Riadh 2017}) 6... Ba7 7. d4 Nf6 8. O-O {The position is equal.} O-O 9. b3 Re8 10. Bb2 Bf5 11. Nd5 e4 12. Nec3 $146 ({Predecessor:} 12. Nef4 Nxd5 13. cxd5 Nb4 14. Qd2 g5 15. Qxb4 gxf4 16. exf4 {1-0 (46) Diamant,A (2492)-Guimaraes,M (2233) Barreirinhas 2015}) 12... Nxd5 13. Nxd5 Ne7 14. Qh5 {Nxe7+ is the strong threat.} Bg6 15. Nxe7+ $1 Qxe7 16. Qa5 Bb6 17. Qc3 d5 18. c5 Ba7 19. c6 b5 20. b4 Bb6 21. a4 h5 22. axb5 axb5 23. Rxa8 Rxa8 24. Ra1 $36 {[%mdl 2048] White is more active.} Rd8 25. Bf1 h4 26. Bxb5 Bh5 27. Bf1 hxg3 28. fxg3 Bg4 ({Black should try} 28... f5 $14) 29. Ba3 Qg5 30. Ra2 (30. b5 $142) 30... Ra8 $16 31. Rf2 Qh6 32. Qc1 Bf3 33. b5 Bg4 (33... Ra4 $11 {remains equal.}) 34. Be2 (34. Bc5 $1 $16) 34... Bh3 (34... Bxe2 $11 35. Rxe2 Qh5) 35. Bf1 (35. Bc5 $14) 35... Bg4 $1 36. Bg2 (36. Bc5 $1 $16) 36... Ra4 37. Bf1 (37. Rf4 $5 {[%cal Rf4g4]} Be2 38. Qb2 $11) 37... Bf3 38. Qc3 Ra8 (38... Ba5 $1 $11 {keeps the balance.} 39. Qc1 Be1 40. Qxe1 Rxa3) 39. Be2 (39. Bc5 $1 $16) 39... Ba5 (39... Bxe2 $11 40. Rxe2 Qh5) 40. Qc1 $14 Be1 41. Qxe1 Bxe2 $2 {[%mdl 8192]} (41... Rxa3 $14 42. Bxf3 exf3) 42. Qxe2 $18 ({Weaker is} 42. Rxe2 Rxa3 43. Qf2 Rb3 $16) 42... Rxa3 $14 {[%mdl 4096] Endgame [#] KQR-KQR} 43. Qg4 $1 {[%cal Rg4c8]} Qe6 44. Qf4 Qe7 {[#]} 45. b6 $1 {[%mdl 512]} cxb6 46. Qb8+ Qf8 47. c7 Ra8 48. Qxb6 Rc8 49. Qb7 Qe8 50. Rb2 {aiming for Qxc8!} Kh7 51. Rb5 $2 (51. Rc2 $18 {and White stays clearly on top.} Qd7 52. Kg2) 51... Qe6 $2 (51... Rxc7 $16 {was worth a try.} 52. Qxc7 Qxb5) 52. Rc5 $18 Qg4 53. Qxd5 Qd1+ 54. Kg2 Qf3+ 55. Kh3 {Strongly threatening Qd8.} g6 {[#]} 56. Qe5 $2 (56. Rc6 $1 $18) 56... Qf1+ $1 $11 57. Kh4 {Threatens to win with Qf4.} f6 $1 {[%cal Rf6e5]} 58. Qe6 Kh6 $2 {[%mdl 8192] [#]} (58... g5+ $11 59. Kg4 Qe2+ 60. Kh3 Qf1+ 61. Kg4 Qf3+ 62. Kh3 Qf1+ 63. Kg4) 59. Rh5+ $1 {[%mdl 512]} gxh5 60. Qxc8 {Accuracy: White = 50%, Black = 49%.} 1-0

[Event "Manhem Chess Week-IM 2019"]
[Site "Moelnlycke"]
[Date "2019.08.12"]
[Round "4.9"]
[White "Malmstig, Erik"]
[Black "Pham, Bich Ngoc"]
[Result "0-1"]
[WhiteElo "2357"]
[BlackElo "2176"]
[Annotator "TA"]
[PlyCount "38"]
[EventDate "2019.08.10"]
[EventType "tourn"]
[EventCountry "SWE"]
[SourceTitle "playchess.com"]
[Source "ChessBase"]
[SourceQuality "1"]

{[%evp 9,83,2,7,-7,0,0,13,-14,0,-19,-20,-35,-29,-71,-54,-70,-35,-64,-42,-108,-82,-102,-92,-79,-83,-91,-76,-111,-104,-205,-193,-188,-97,-103,-70,-72,-74,-240,-241,-221,-240,-222,-238,-248,-237,-279,-262,-278,-287,-292,-278,-283,-282,-284,-281,-382,-390,-574,-563,-29990,-29991,-29992,-29993,-29993,-29994,-29994,-29995,-29995,-29996,-29996,-29997,-29997,-29997,-29998,-29999,-29999]} 1. d4 f5 2. c4 Nf6 3. Nc3 g6 4. e3 Bg7 5. Bd3 d6 6. Nge2 {A85: Dutch Defence: 2 c4 Nf6 3 Nc3} e5 7. f3 Be6 $146 ({Predecessor:} 7... O-O 8. Bd2 Qe7 9. Qc2 Nc6 10. Nd5 Qf7 11. Nxf6+ Qxf6 12. d5 e4 13. fxe4 fxe4 14. Bxe4 {1-0 (47) Valsecchi,A (2497)-Cheparinov,I (2709) Skopje 2018}) 8. Qc2 {The position is equal.} c6 9. Bd2 Nbd7 10. O-O O-O 11. b4 Qe7 12. Rac1 Bf7 13. Ng3 Rae8 14. Na4 (14. d5 $15) 14... d5 15. c5 e4 16. fxe4 dxe4 17. Bc4 Nd5 18. Ne2 N7f6 19. Qb3 {[#]} (19. Nf4 $17 {might work better.}) 19... b5 {Played: Bg7-h6} 0-1

[Event "Manhem Chess Week-IM 2019"]
[Site "Moelnlycke"]
[Date "2019.08.13"]
[Round "5.8"]
[White "Pham, Bich Ngoc"]
[Black "Ornstein, Axel"]
[Result "1-0"]
[WhiteElo "2176"]
[BlackElo "2311"]
[Annotator "NA"]
[PlyCount "51"]
[EventDate "2019.08.10"]
[EventType "tourn"]
[EventCountry "SWE"]
[SourceTitle "playchess.com"]
[Source "ChessBase"]
[SourceQuality "1"]
[TimeControl "40/5400+30:1800+30"]

1. f4 {[%emt 0:00:00]} d5 {[%emt 0:00:00]} 2. Nf3 {[%emt 0:00:00]} Nf6 {[%emt 0:00:00]} 3. g3 {[%emt 0:00:00]} Bf5 {[%emt 0:00:00]} 4. Bg2 {[%emt 0:00:12]} e6 {[%emt 0:00:00]} 5. d3 {[%emt 0:00:20]} h6 {[%emt 0:00:01]} 6. O-O {[%emt 0:02:37]} Nbd7 {[%emt 0:02:23]} 7. e3 {[%emt 0:02:43]} c6 {[%emt 0:07:12]} 8. Qe2 {[%emt 0:01:02]} Bc5 {[%emt 0:00:28]} 9. Nc3 {[%emt 0:01:25]} Bh7 {[%emt 0:00:49]} 10. h3 {[%emt 0:03:25]} ({White should play} 10. Kh1 $11) 10... Qe7 {[%emt 0:03:35]} 11. Kh2 {[%emt 0:00:23]} Bb4 {[%emt 0:06:28]} (11... g5 $5) 12. Bd2 $11 {[%emt 0:14:34]} e5 {[%emt 0:00:40]} 13. fxe5 {[%emt 0:02:36]} Nxe5 {[%emt 0:00:02]} 14. Nxe5 {[%emt 0:00:55]} Qxe5 {[%emt 0:00:04]} 15. Nxd5 {[%emt 0:00:40]} Nh5 {[%emt 0:05:01]} 16. Qf2 {[%emt 0:20:55]} Bxd2 {[%emt 0:01:23]} 17. Qxf7+ {[%emt 0:01:25]} Kd8 {[%emt 0:00:01]} 18. Qxb7 {[%emt 0:05:48]} Rb8 {[%emt 0:01:51]} 19. Qxc6 {[%emt 0:00:36]} Rc8 {[%emt 0:16:21]} 20. Qb7 {[%emt 0:01:08]} Nxg3 {[%emt 0:00:16]} 21. Rf7 {[%emt 0:04:36]} Bf5 {[%emt 0:00:06]} 22. Qe7+ {[%emt 0:09:19]} Qxe7 {[%emt 0:00:21]} 23. Nxe7 {[%emt 0:03:24]} Rxc2 {[%emt 0:03:52]} 24. Kxg3 {[%emt 0:02:10]} Bd7 {[%emt 0:00:36]} 25. Nd5 {[%emt 0:03:25]} g5 26. Rf2 {[%emt 0:00:30]} 1-0

[Event "Manhem Chess Week-IM 2019"]
[Site "Moelnlycke"]
[Date "2019.08.15"]
[Round "8.6"]
[White "Jacobsen, Mikkel Manosri"]
[Black "Malmstig, Erik"]
[Result "1/2-1/2"]
[WhiteElo "2343"]
[BlackElo "2357"]
[Annotator "TA"]
[PlyCount "95"]
[EventDate "2019.08.10"]
[EventType "tourn"]
[EventCountry "SWE"]
[SourceTitle "playchess.com"]
[Source "ChessBase"]
[SourceQuality "1"]

{[%evp 9,95,15,31,-17,-10,0,21,-16,12,0,39,-9,26,-12,-18,-44,-22,-12,-15,-106,-104,-157,-148,-189,-65,-52,-54,-56,-46,-82,-107,-146,-125,-127,-78,-187,-177,-304,-295,-326,-329,-318,-329,-428,-405,-421,-412,-362,-323,-326,-300,-253,-273,-379,-344,-336,-281,-320,-329,-283,-251,-265,-268,-271,-205,-268,-266,-251,-33,-93,0,-257,50,50,50,50,51,50,575,560,514,506,444,0,0,0,406,-29993]} 1. Nf3 d6 2. e3 (2. d4 Nf6 3. Nc3 Bf5 4. Nh4 Bd7 5. e4 e5 6. Nf3 exd4 7. Nxd4 g6 8. g3 Bg7 9. Bg2 O-O 10. O-O Nc6 11. Nde2 Re8 12. h3 {½-½ (65) Maghsoodloo,P (2679)-Adhiban,B (2689) chess.com INT 2019}) 2... g6 3. c4 e5 4. Nc3 Bg7 5. Be2 Ne7 6. b3 {[%cal Bb2b3,Bb3b4,Bb4b5][%mdl 32] A04: Unusual lines after 1 Nf3 and King's Indian Attack} O-O 7. Bb2 f5 8. d3 $146 {The position is equal.} ({Predecessor:} 8. d4 e4 9. Nd2 Nbc6 10. O-O Bd7 11. a3 {0-1 (45) Gelzinnus,S (1557)-Fischer,P (1713) Berlin 2010}) 8... c6 9. h4 h6 10. Qc2 Be6 11. b4 Nd7 12. a4 a5 13. b5 d5 $36 {[%mdl 2048] Black has some pressure.} 14. d4 (14. O-O $11) 14... e4 $1 $17 {[%cal Re4f3]} 15. Nd2 (15. Ne5 $142) 15... f4 $1 16. Nf1 Qe8 (16... Nf5 $19 17. g3 fxe3 18. fxe3 Rc8) 17. bxc6 $1 $15 bxc6 18. cxd5 cxd5 19. Nb5 Qf7 $1 {And now ...fxe3 would win.} 20. Nd6 Qf6 21. Bb5 Nb6 22. Qd2 (22. Ba3 $17 {might work better.}) 22... Bd7 $1 $19 23. Ba3 (23. Bxd7 $142 Nxd7 24. Nb5) 23... Bxb5 ({Not} 23... fxe3 24. Nxe3 Qxd4 25. Qxd4 $15) 24. axb5 Rad8 25. exf4 Rxd6 26. Bxd6 Qxd6 27. Ne3 a4 28. g3 Rc8 29. O-O Nc4 30. Nxc4 Rxc4 31. Qa5 Bxd4 32. Rxa4 Bb6 33. Qa8+ Rc8 34. Qb7 {aiming for Ra6.} Rb8 35. Ra8 Rxa8 36. Qxa8+ Kg7 37. Kg2 h5 38. Rc1 Qe6 $2 (38... Kf7 $19 39. Rc2 e3 40. fxe3 Qb4) 39. Qb7 (39. Qe8 $1 $15 e3 40. Rc8 Qxc8 41. Qxe7+ Kg8 42. fxe3) 39... Kf6 {[#]} (39... e3 $1 $17 {[%cal Re3e2]} 40. Rc6 Qe4+ 41. f3 Qb4 42. Rxg6+ Kxg6 43. Qxb6+ Kf7 44. Qxe3 Qb2+ 45. Kh3 Qxb5) 40. Rc3 $2 {[%mdl 8192]} (40. Rc6 $1 $11 {[%mdl 512]} Nxc6 41. bxc6) 40... Qd6 $2 {[#]} (40... Bd4 $19 41. Ra3 Kf7) 41. Rc6 $1 $14 {[%cal Rc6d6][%mdl 512]} Nxc6 42. Qxb6 {[%mdl 64] Pin} d4 $1 43. bxc6 {Strongly threatening Qb5.} d3 $2 {[%mdl 8192] [#]} ({Black should try} 43... e3 $1 $14) 44. Qb2+ $1 $18 Ke7 {[#]} 45. Qb7+ $1 Kd8 46. Qa8+ Kc7 47. Qb7+ Kd8 48. Qb4 $4 {[%mdl 40960] Accuracy: White = 31%, Black = 42%. . An unexpected result.} (48. Kf1 $18 Qc7 49. Qa8+ Ke7 50. Qa4) 1/2-1/2

[Event "Manhem Chess Week-IM 2019"]
[Site "Moelnlycke"]
[Date "2019.08.15"]
[Round "8.7"]
[White "Borsuk, Konstantin"]
[Black "Pham, Bich Ngoc"]
[Result "1-0"]
[WhiteElo "2372"]
[BlackElo "2176"]
[Annotator "TA"]
[PlyCount "71"]
[EventDate "2019.08.10"]
[EventType "tourn"]
[EventCountry "SWE"]
[SourceTitle "playchess.com"]
[Source "ChessBase"]
[SourceQuality "1"]

{[%evp 15,73,31,36,14,25,35,35,44,24,40,64,57,207,215,207,199,243,229,359,381,371,380,388,382,368,279,299,241,243,245,246,241,254,241,231,256,265,248,375,393,556,552,805,851,943,931,948,952,905,912,800,709,682,523,509,476,29974,29976,29976,29977]} 1. d4 f5 2. g3 Nf6 3. Bg2 g6 4. Nf3 Bg7 5. O-O O-O 6. c4 d6 7. Nc3 c6 8. Qb3 Na6 9. Qa3 {A88: Dutch Defence: Leningrad System: 5 Nf3 0-0 6 0-0 d6 7 Nc3 c6} (9. Re1 Kh8 10. e4 e5 11. exf5 exd4 12. Nxd4 Nc5 13. Qd1 gxf5 14. Bf4 Nce4 15. Rc1 d5 16. Nxe4 Nxe4 {1-0 (35) Mamedyarov,S (2817)-Anton Guijarro,D (2642) St Petersburg 2018}) 9... Ne4 $146 ({Predecessor:} 9... Nc7 10. Rd1 h6 11. d5 Bd7 12. dxc6 bxc6 13. b4 a5 14. b5 Ne4 15. Bb2 Bxc3 16. Bxc3 cxb5 17. Bxa5 {0-1 (39) Piorun,K (2570)-Vovk,A (2605) Cappelle-la-Grande 2014}) 10. Rd1 Be6 11. d5 {White is slightly better.} Nxc3 12. bxc3 cxd5 13. Ng5 Nc7 ({Black should play} 13... Bf7 $1 $14) 14. Nxe6 $18 {[%mdl 64] [#] Overworked Piece} ({Inferior is} 14. cxd5 Bd7 $11) 14... Nxe6 15. Bxd5 Qd7 16. Rb1 Rfb8 (16... b6 $142 17. c5 (17. Bxa8 Rxa8 18. Rxb6 Qc7 $16) 17... Rac8) 17. c5 dxc5 18. Bf4 Rd8 19. Qb3 Kf7 20. Bxb7 c4 21. Qc2 Qe8 22. Bxa8 Rxa8 23. Be3 Qc6 24. Qb2 Rc8 25. Bxa7 Ng5 {[#] ( -> ...Nh3+)} 26. f3 Qe6 (26... Ne6 {might work better.} 27. Bf2 Ra8) 27. Qd2 Bf6 (27... h6 $142 28. Be3 Rc6) 28. h4 Qa6 29. hxg5 Qxa7+ 30. Kg2 Bg7 31. Qd5+ Kf8 32. Qe6 Re8 33. Rd7 Qc5 34. Rb4 Bxc3 35. Rxc4 Qa3 (35... Qe5 $18 36. Qxe5 Bxe5) 36. g4 {Played: Rd7-d3} 1-0

[Event "Manhem Chess Week-IM 2019"]
[Site "Moelnlycke"]
[Date "2019.08.15"]
[Round "8.8"]
[White "Fries-Nielsen, Jens Ove"]
[Black "Rydstrom, Tom"]
[Result "1-0"]
[WhiteElo "2351"]
[BlackElo "2345"]
[Annotator "TA"]
[PlyCount "49"]
[EventDate "2019.08.10"]
[EventType "tourn"]
[EventCountry "SWE"]
[SourceTitle "playchess.com"]
[Source "ChessBase"]
[SourceQuality "1"]

{[%evp 9,49,-6,0,-4,22,0,0,-7,0,2,19,-18,12,-14,17,7,17,5,68,71,92,75,255,256,266,252,479,474,840,820,870,856,836,661,862,784,873,839,1017,978,997,981]} 1. d4 d5 2. b3 Nf6 3. Ba3 $146 (3. Nf3 Bf5 4. e3 e6 5. Bd3 Bxd3 6. cxd3 c5 7. O-O Nc6 8. a3 cxd4 9. exd4 g6 10. Nc3 Bg7 11. Bb2 O-O {0-1 (40) Molina,P (2274)-Pierrot,J (2405) Villa Martelli 2017}) 3... g6 4. e3 Bg7 5. Nf3 O-O 6. c4 {D00: 1 d4 d5: Unusual lines} c6 7. Bd3 Re8 8. O-O {The position is equal.} Bg4 9. Nbd2 Nbd7 10. cxd5 cxd5 11. Qb1 e5 12. dxe5 Ne4 13. Nxe4 {Nf6+ is the strong threat.} dxe4 (13... Bxf3 $1 $11 14. Nf6+ (14. gxf3 dxe4 15. Bxe4 Bxe5 $15) 14... Nxf6) 14. Bxe4 $14 Nxe5 {[#]} 15. Nd4 $1 ({Worse is} 15. Bxb7 Bxf3 16. Bxf3 (16. gxf3 Rb8 $17) 16... Nxf3+ 17. gxf3 Qg5+ 18. Kh1 Qh5 $17) 15... f5 $2 (15... Qd7 $16 {was called for.}) 16. Bxb7 $18 Rb8 {[#]} 17. Bc6 $1 f4 $2 (17... Nxc6 {is a better defense.} 18. Nxc6 Qg5) 18. Bxe8 {White is clearly winning.} f3 (18... Qxe8 $142 19. Qe4 fxe3 20. fxe3 Bd7 21. Qd5+ Kh8) 19. Bc6 Qg5 20. Bd5+ Kh8 21. Qe4 Re8 22. Qf4 Qh5 23. Bxf3 g5 24. Qg3 Bxf3 25. gxf3 {Accuracy: White = 61%, Black = 10%.} 1-0

[Event "Manhem Chess Week-IM 2019"]
[Site "Moelnlycke"]
[Date "2019.08.15"]
[Round "8.9"]
[White "Ornstein, Axel"]
[Black "Hill, Alistair"]
[Result "1/2-1/2"]
[WhiteElo "2311"]
[BlackElo "2224"]
[Annotator "TA"]
[PlyCount "55"]
[EventDate "2019.08.10"]
[EventType "tourn"]
[EventCountry "SWE"]
[SourceTitle "playchess.com"]
[Source "ChessBase"]
[SourceQuality "1"]

{[%evp 15,55,16,27,14,24,22,29,35,36,4,12,12,59,58,55,56,56,57,53,52,61,49,60,43,69,54,62,8,43,0,0,-13,70,23,107,0,0,0,0,0,0,0]} 1. d4 Nf6 2. c4 g6 3. g3 Bg7 4. Bg2 O-O 5. Nc3 d6 6. Nf3 c5 7. dxc5 dxc5 8. Qxd8 Rxd8 9. Be3 {E64: King's Indian: Fianchetto: 6...c5 7 d5} (9. Ne5 Ne8 10. Nd3 Nd6 11. Bf4 Na6 12. Rc1 Bf5 13. O-O Bxd3 14. exd3 Nb4 15. Rfd1 Rac8 16. a3 Nc6 17. Bxd6 Rxd6 {½-½ (131) Vidit,S (2695)-Carlsen,M (2835) Wijk aan Zee 2019}) 9... Nc6 10. Bxc5 Be6 11. Nd2 {White has an edge.} Rac8 $146 ({Predecessor:} 11... Nd7 12. Be3 Nde5 13. c5 Rac8 14. Rc1 Ng4 15. Bf4 Bd4 16. Nde4 h6 {½-½ (88) Andersen,M (2466)-Hillarp Persson,T (2556) Vaxjo 2014}) 12. Bxc6 Rxc6 13. Bxe7 Rd7 (13... Re8 $5 {[%cal Re8e7]} 14. Bxf6 Bxf6 $14) 14. Bxf6 $1 Bxf6 15. O-O-O Bxc3 16. bxc3 Rdc7 17. Kb2 Rb6+ 18. Kc2 Ra6 19. Ra1 Bd7 20. Rhb1 Ba4+ 21. Kc1 (21. Nb3 $14) 21... b5 22. a3 ({White should play} 22. Nb3 $14) 22... Re6 $11 23. e3 f5 (23... Rd6 $11) 24. Rb4 Rd6 (24... a5 $11 {keeps the balance.} 25. Rxb5 Bxb5 26. cxb5 Re5) 25. Nb3 (25. Ra2 $16) 25... Bxb3 $1 {The position is equal.} 26. Rxb3 Rcd7 {[#] ( -> ...Rd1+)} 27. Rab1 bxc4 28. Rb8+ {Accuracy: White = 46%, Black = 37%.} 1/2-1/2

[Event "Manhem Chess Week-IM 2019"]
[Site "Moelnlycke"]
[Date "2019.08.15"]
[Round "8.10"]
[White "Kucuksari, Kaan"]
[Black "Renman, Nils-Gustaf"]
[Result "1-0"]
[WhiteElo "2310"]
[BlackElo "2346"]
[Annotator "TA"]
[PlyCount "60"]
[EventDate "2019.08.10"]
[EventType "tourn"]
[EventCountry "SWE"]
[SourceTitle "playchess.com"]
[Source "ChessBase"]
[SourceQuality "1"]

{[%evp 9,60,-8,-12,-14,-12,-11,-9,-8,19,18,24,25,29,16,21,20,28,15,33,13,12,16,29,0,0,0,98,17,55,56,64,50,72,78,65,50,31,37,53,42,113,118,122,119,113,116,167,152,156,98,430,441,435]} 1. d4 d5 2. Nf3 Nf6 3. c4 c6 4. Qc2 dxc4 5. e4 (5. Qxc4 Bg4 6. Nbd2 Nbd7 7. g3 e6 8. Bg2 Bd6 9. Qb3 Nb6 10. O-O O-O 11. Re1 a5 12. e4 a4 13. Qc3 Re8 14. a3 {1-0 (64) Yu,Y (2764)-Kovalenko,I (2657) St Petersburg 2018}) 5... b5 $1 6. b3 $1 {[%cal Rb3c4] D11: Slav Defence: 3 Nf3 sidelines and 3...Nf6 4 e3 Bg4} cxb3 7. axb3 e6 8. Bd2 {The position is equal.} Bb7 9. Ba5 Qc8 10. Bd3 Na6 11. Qd2 Be7 12. O-O $146 ({Predecessor:} 12. b4 O-O {1-0 (41) Ivanov,M (2500)-Thorsteins,K (2495) Reykjavik 1997}) 12... O-O 13. b4 Nd7 14. Rc1 {[%mdl 1024] White has compensation.} Qb8 15. Na3 Rc8 16. e5 Nb6 17. Ng5 h6 {[#]} (17... Bxg5 $11 {remains equal.} 18. Qxg5 Rd8) 18. Ne4 ({Better is} 18. Nxf7 $1 $16 Kxf7 19. Qf4+ Ke8 {[#]} 20. Nxb5 $1 {[%mdl 512]}) 18... Nd5 {[%cal Rd5b4]} 19. Nc2 Rf8 20. Re1 Qe8 21. Ra3 Qd7 22. Qe2 f5 (22... Bxb4 23. Nxb4 Naxb4 24. Bb1 $16) 23. exf6 Bxf6 24. Qg4 Rae8 (24... Be7 $14) 25. Qg6 $16 {Qh7+! is the strong threat.} Qf7 26. Qxf7+ Rxf7 27. Nd6 $36 {[%mdl 2112] Double Attack. White is really pushing.} Ree7 (27... Ref8 $16) 28. Bd8 {And now Bg6 would win.} Rd7 29. Nxb7 (29. Nxf7 $142 {aiming for Bxf6.} Kxf7 30. Bxf6 gxf6 31. Rb1) 29... Bxd8 $4 {[%mdl 8192]} (29... Naxb4 $16 {is more resistant.} 30. Bxf6 Nxd3 31. Rxd3 Rxb7) 30. Nxd8 $18 ({Weaker is} 30. Rxa6 Rxb7 31. Rxc6 Be7 $14) 30... Rxd8 {Accuracy: White = 75%, Black = 29%.} 1-0